000 00633nam a2200229Ia 4500
003 BUBTL
008 151213s9999 xx 000 0 und d
041 _aEnglish
082 _a346/ M2786c/ 2000
100 _aMahmood, Shaukat
_92419
245 _aThe Contract Act/
_cShaukat Mahmood & Nadeen Shaukat
250 _a5th ed.
260 _aLahore :
_bNewfine Printing ;
_cc2000
300 _a[xii], 916 p. :
_bill. ; 22 cm.
500 _aIncludes Index.
650 _aLaw
650 _a
_95887
700 _aNadeen Shaukat
_95888
856 _k0
_l0
_yDownload
942 _2ddc
_cBK
999 _c1586
_d1586